00746 2200157 4500245005800000250001100058100002000069650002000089005001900109260007700128041001400205084001400219300002300233500032300256336000900579 aPengantar Manajemen PerhotelancMochtar EffendyhText aCet. 1 aMochtar Effendy aManagemen Hotel a20240508092535 aPalembangbYayasan Pendidikan dan Ilmu Pengetahuan Islam al-Multarc1996 aIndonesia a647.94068 a125 hlm. :c21 cm. aBuku ini banyak sekali kekurangan nya, karena penulis sendiri hanya seorang ekonom,bukan dari sekolah perhotelan,tetapi pengalaman penulis yang pada tahun 1980 mendirikan hotel kecil dengan modal uang dan keterampilan dan seadanya, menimbulkan pengalaman yang berharga, yang kemudian disusunkan dalam risalah kecil ini atext